[Event "6th Asia-ch"]
[Site "Cebu City PHI"]
[Date "2007.09.21"]
[Round "3.26"]
[White "Bitoon, Richard"]
[Black "Wang Rui"]
[Result "1-0"]
[WhiteElo "2399"]
[BlackElo "2482"]
[EventDate "2007.09.19"]
[PlyCount "165"]

1.c4 e6 2.Nc3 d5 3.cxd5 exd5 4.d4 c6 5.Nf3 Bf5 6.Bg5 Qb6 7.Na4 Qc7 8.e3 
Bd6 9.Bd3 Bg4 10.Qc2 h6 11.Bh4 Nd7 12.O-O-O Ngf6 13.Nc3 O-O-O 14.Kb1 Rde8 
15.Rc1 Bxf3 16.gxf3 Kb8 17.e4 dxe4 18.fxe4 Bf4 19.Bg3 Bxg3 20.hxg3 Qa5 21.
Bc4 Re7 22.f4 Nb6 23.Bb3 Rd8 24.Rhd1 Red7 25.e5 Nfd5 26.Qe4 Qb4 27.Ne2 Nc7
28.f5 Nbd5 29.Rd3 Re7 30.a3 Qa5 31.g4 Qb6 32.Rcd1 Nb5 33.Ka1 Nbc7 34.Qf3 
Qa5 35.Kb1 Red7 36.Ng3 Nb5 37.Ne2 Qb6 38.Qg3 Ka8 39.Ka1 Qa5 40.Kb1 Qb6 41.
Bc4 a5 42.Ka1 Nbc7 43.Qf3 Nb5 44.Qg3 Nbc7 45.g5 hxg5 46.Qxg5 f6 47.Qh4 a4 
48.e6 Re7 49.Rc1 Qa5 50.Ba2 Na6 51.Qe4 Nac7 52.Qh1 Ree8 53.Qg2 Ne7 54.Rc5 
Qe1+ 55.Bb1 Ncd5 56.Rf3 Rh8 57.Rc1 Qd2 58.Rd3 Qh6 59.Rf3 Qd2 60.Qf2 Rh7 
61.Rc2 Qa5 62.Rc5 Qb6 63.Rc4 Qb5 64.Rc5 Qb6 65.Rc4 Qa6 66.Bd3 Qa5 67.Ng3 
Kb8 68.Rc1 Nc7 69.Ne4 b6 70.Nc3 Ncd5 71.Be4 Nc7 72.Rd3 b5 73.Na2 Ncd5 74.
Bxd5 Nxd5 75.Rxc6 Rh1+ 76.Rc1 Rdh8 77.Qg3+ Ka8 78.Qf3 Rxc1+ 79.Nxc1 Qd8 
80.Ne2 Kb8 81.Nf4 Nxf4 82.Qxf4+ Kb7 83.Qe4+ 1-0

[Event "6th Asia-ch"]
[Site "Cebu City PHI"]
[Date "2007.09.21"]
[Round "3.28"]
[White "Kim, Alexey"]
[Black "Makinano, Anthony"]
[Result "1/2-1/2"]
[WhiteElo "2445"]
[BlackElo "2317"]
[EventDate "2007.09.19"]
[PlyCount "99"]

1.e4 e5 2.Nf3 Nc6 3.Nc3 Nf6 4.Bb5 d6 5.d4 Bd7 6.O-O Nxd4 7.Nxd4 exd4 8.
Qxd4 Be7 9.Bg5 O-O 10.Rad1 Bxb5 11.Nxb5 Ng4 12.Bxe7 Qxe7 13.h3 Nf6 14.Rfe1
Rfe8 15.Re3 a6 16.Nc3 Qe5 17.Qc4 Rac8 18.b3 Qa5 19.a4 Re6 20.Qd4 c6 21.Ne2
Rce8 22.Ng3 Qg5 23.Rde1 h5 24.Nf1 h4 25.Nd2 Qf4 26.Rf3 Qh6 27.Ree3 Nh5 28.
Nc4 b5 29.Nb2 Nf6 30.Nd3 c5 31.Qa1 Nxe4 32.axb5 axb5 33.Nf4 Re5 34.Nd3 
R5e7 35.Rf5 d5 36.Re2 c4 37.bxc4 bxc4 38.Nb4 Nd6 39.Rxe7 Rxe7 40.Rxd5 Ne4 
41.Rd4 Nxf2 42.Kxf2 Qf6+ 43.Kg1 Re2 44.Kh1 Qf2 45.Qa8+ Kh7 46.Rd1 Re1+ 47.
Rxe1 Qxe1+ 48.Kh2 Qe5+ 49.Kh1 Qe1+ 50.Kh2 1/2-1/2

[Event "6th Asia-ch"]
[Site "Cebu City PHI"]
[Date "2007.09.21"]
[Round "3.29"]
[White "Senador, Emmanuel"]
[Black "Nouri, Hamed"]
[Result "0-1"]
[WhiteElo "2380"]
[BlackElo "2426"]
[EventDate "2007.09.19"]
[PlyCount "142"]

1.e4 c5 2.Na3 Nc6 3.Bb5 e6 4.Nf3 Nge7 5.e5 Ng6 6.Bxc6 dxc6 7.h4 Qd5 8.c4 
Qe4+ 9.Qe2 Qxe2+ 10.Kxe2 Nf4+ 11.Kf1 Nd3 12.Ke2 Nf4+ 13.Kf1 Nd3 14.g3 b5 
15.Ke2 Nb4 16.d3 Ba6 17.b3 Rd8 18.Ne1 Be7 19.Nac2 O-O 20.Ne3 Bc8 21.a3 Na6
22.Nf3 Rd7 23.Bb2 Rfd8 24.Rhd1 h6 25.h5 Rb7 26.Nd2 Bd7 27.f4 Rdb8 28.Bc3 
Be8 29.g4 Rd7 30.Ne4 b4 31.axb4 Nxb4 32.Ra5 Bd8 33.Ra4 Be7 34.Bxb4 cxb4 
35.c5 f5 36.exf6 gxf6 37.f5 Bf7 38.Rda1 Rbb7 39.Rb1 e5 40.Nc4 Bxc4 41.bxc4
b3 42.Ra3 b2 43.Kd2 Rb8 44.Kc2 Rdb7 45.Ra6 Rc7 46.Rxb2 Rxb2+ 47.Kxb2 Kf7 
48.Nd6+ Kf8 49.Kc2 Bd8 50.Ra1 Ke7 51.Rb1 a5 52.Rb8 Rd7 53.Ra8 Kf8 54.Ra6 
a4 55.Ra8 a3 56.Rxa3 Be7 57.Ne4 Kg7 58.Ra6 Rc7 59.Nd6 Kh7 60.Kc3 Kh8 61.
Kb4 Kh7 62.Rb6 Kg8 63.Rb7 Bxd6 64.cxd6 Rxb7+ 65.Kc5 Rb3 66.d4 exd4 67.Kxd4
Kf7 68.Kc5 Rc3 69.Kb4 Rc1 70.Kc5 Rc2 71.Kd4 Ke8 0-1

[Event "6th Asia-ch"]
[Site "Cebu City PHI"]
[Date "2007.09.21"]
[Round "3.31"]
[White "Legaspi, Rhobel"]
[Black "Nadera, Barlo"]
[Result "1/2-1/2"]
[WhiteElo "2316"]
[BlackElo "2402"]
[EventDate "2007.09.19"]
[PlyCount "31"]

1.e4 e6 2.d4 d5 3.Nc3 Bb4 4.Ne2 dxe4 5.a3 Be7 6.Nxe4 Nf6 7.N2c3 Bd7 8.Bd3 
Bc6 9.Be3 Nbd7 10.Qe2 Nxe4 11.Bxe4 Bxe4 12.Nxe4 c6 13.O-O Nf6 14.Nxf6+ 
Bxf6 15.c4 O-O 16.Rfd1 1/2-1/2

[Event "6th Asia-ch"]
[Site "Cebu City PHI"]
[Date "2007.09.21"]
[Round "3.32"]
[White "Rohit, Goginenni"]
[Black "Djinh Djuc Trong"]
[Result "1/2-1/2"]
[WhiteElo "2470"]
[BlackElo "2354"]
[EventDate "2007.09.19"]
[PlyCount "81"]

1.e4 c6 2.d4 d6 3.Nc3 Nd7 4.Nf3 Qc7 5.a4 Ngf6 6.g3 e5 7.Bg2 Be7 8.O-O O-O 
9.h3 b6 10.Nh4 g6 11.Bg5 a6 12.Bh6 Re8 13.Qd2 Nf8 14.Rad1 b5 15.Rfe1 Rb8 
16.axb5 axb5 17.b4 Be6 18.Nf3 Bc4 19.Nb1 N8d7 20.Qc3 Bd8 21.Nbd2 Nb6 22.
dxe5 dxe5 23.Ra1 Nfd7 24.Nb3 Na4 25.Qd2 Be7 26.Na5 Ndb6 27.Red1 Rbd8 28.
Qe1 Be6 29.Bf1 f6 30.Be3 Kf7 31.Rdc1 Nb2 32.Qc3 N2c4 33.Nxc4 Nxc4 34.Ra7 
Qc8 35.Bc5 Rd7 36.Rxd7 Qxd7 37.Bxe7 Rxe7 38.Kh2 Nd6 39.Qe3 Qa7 40.Qe1 Qa3 
41.Bd3 1/2-1/2

[Event "6th Asia-ch"]
[Site "Cebu City PHI"]
[Date "2007.09.21"]
[Round "3.33"]
[White "Bagamasbad, Efren"]
[Black "Sadorra, Julio"]
[Result "1-0"]
[WhiteElo "2331"]
[BlackElo "2421"]
[EventDate "2007.09.19"]
[PlyCount "140"]

1.d4 e6 2.c4 b6 3.a3 Bb7 4.Nc3 f5 5.Nf3 Nf6 6.g3 Ne4 7.Bg2 Be7 8.Bd2 Nxd2 
9.Qxd2 Nc6 10.b4 a5 11.b5 Na7 12.O-O Qb8 13.d5 Bf6 14.Nd4 O-O 15.e4 exd5 
16.cxd5 fxe4 17.Bxe4 Qe8 18.Rae1 Qh5 19.a4 Nc8 20.Qd3 Nd6 21.Bg2 Rae8 22.
Rd1 Qg4 23.h3 Qh5 24.Rc1 Kh8 25.Rfd1 Nf7 26.g4 Qe5 27.Nde2 Bg5 28.Rc2 Nd6 
29.Ng3 Bh4 30.Nce4 Nxe4 31.Nxe4 Qf4 32.Qe3 Qxe3 33.fxe3 Re5 34.Rcd2 Rfe8 
35.Rd4 d6 36.Kf1 h6 37.Ke2 R8e7 38.R1d3 Rf7 39.Bf3 Re8 40.Nd2 Re5 41.Nc4 
Re8 42.Rd1 Kg8 43.Rf1 Ree7 44.Bg2 Rxf1 45.Kxf1 Rf7+ 46.Rf4 Bf6 47.Ke2 Re7 
48.Kd3 Kf7 49.h4 Ke8 50.h5 Bc8 51.Be4 Bb7 52.Rf1 Kf8 53.Nd2 Kg8 54.Nf3 Rf7
55.Bg6 Rf8 56.e4 Bb2 57.Bf5 Rf6 58.Rb1 Ba3 59.Nh4 Kf8 60.Ng6+ Kg8 61.Re1 
Ba8 62.Re2 Bc5 63.Kc4 Ba3 64.Kd3 Bc5 65.Rg2 Bb7 66.Ke2 Ba8 67.Nf4 Bd4 68.
Ne6 Rxe6 69.Bxe6+ Kf8 70.g5 hxg5 1-0

[Event "6th Asia-ch"]
[Site "Cebu City PHI"]
[Date "2007.09.21"]
[Round "3.34"]
[White "Bancod, Ronald"]
[Black "Russell, Majwuana Kankanamge Athula"]
[Result "0-1"]
[WhiteElo "2373"]
[BlackElo "2220"]
[EventDate "2007.09.19"]
[PlyCount "81"]

1.d4 d5 2.Nf3 Nf6 3.Bf4 c5 4.c3 Qb6 5.Qb3 Nc6 6.e3 c4 7.Qc2 Bf5 8.Qc1 h6 
9.Nbd2 Qd8 10.Be2 e6 11.O-O Be7 12.b3 b5 13.Ne5 Nxe5 14.dxe5 Ne4 15.Nf3 g5
16.Bg3 h5 17.h3 g4 18.Nd4 gxh3 19.Nxb5 h4 20.Bf4 Rg8 21.Bf3 Kd7 22.Qb2 Qb6
23.bxc4 Rxg2+ 24.Bxg2 Rg8 25.cxd5 Rxg2+ 26.Kh1 Ng3+ 27.Bxg3 Be4 28.dxe6+ 
fxe6 29.Rad1+ Ke8 30.Nd6+ Bxd6 31.Qxb6 Rxf2+ 32.Kg1 Rg2+ 33.Kh1 Rf2+ 34.
Kg1 Rg2+ 35.Kh1 axb6 36.exd6 Rxa2+ 37.Kg1 Rg2+ 38.Kh1 Rd2+ 39.Kg1 Rg2+ 40.
Kh1 Rc2+ 41.Kg1 0-1

[Event "6th Asia-ch"]
[Site "Cebu City PHI"]
[Date "2007.09.21"]
[Round "3.35"]
[White "Samhouri, Ahmad"]
[Black "Yueh Wei Po"]
[Result "1-0"]
[WhiteElo "2362"]
[BlackElo "2044"]
[EventDate "2007.09.19"]
[PlyCount "43"]

1.e4 c5 2.Nf3 d6 3.d4 cxd4 4.Nxd4 Nf6 5.Nc3 a6 6.f4 e5 7.Nf3 Nbd7 8.a4 Be7
9.Bd3 O-O 10.O-O Qb6+ 11.Kh1 Qc7 12.fxe5 dxe5 13.Bg5 b6 14.Nh4 h6 15.Nf5 
Re8 16.Bxh6 gxh6 17.Nd5 Nxd5 18.Qg4+ Bg5 19.Nxh6+ Kh7 20.Rxf7+ Kxh6 21.
Qh3+ Bh4 22.Qxh4+ 1-0

[Event "6th Asia-ch"]
[Site "Cebu City PHI"]
[Date "2007.09.21"]
[Round "3.36"]
[White "Fancy, Stuart"]
[Black "Maga, Mirabeau"]
[Result "1-0"]
[WhiteElo "2152"]
[BlackElo "2361"]
[EventDate "2007.09.19"]
[PlyCount "71"]

1.e4 g6 2.d4 Bg7 3.Nf3 c5 4.dxc5 Na6 5.Bxa6 Qa5+ 6.Bd2 Qxa6 7.Bc3 Nf6 8.
Qd3 Qc6 9.b4 b6 10.cxb6 axb6 11.b5 Qe6 12.O-O Bb7 13.Ng5 Qg4 14.f4 h6 15.
h3 Qh5 16.g4 Qh4 17.Be1 hxg5 18.Bxh4 Rxh4 19.Nd2 Ra4 20.fxg5 Nxe4 21.Nxe4 
Rxe4 22.c3 Be5 23.Rfe1 Rexg4+ 24.hxg4 Bf4 25.Re4 Rxg4+ 26.Kf1 Rh4 27.Rxf4 
Rxf4+ 28.Ke2 Re4+ 29.Kd2 Re5 30.c4 Rxg5 31.Qd4 Rg2+ 32.Kc3 f5 33.Qxb6 Be4 
34.Rg1 Rc2+ 35.Kb3 d6 36.Rxg6 1-0

[Event "6th Asia-ch"]
[Site "Cebu City PHI"]
[Date "2007.09.22"]
[Round "4.5"]
[White "Utut Adianto"]
[Black "Kunte, Abhijit"]
[Result "1/2-1/2"]
[WhiteElo "2583"]
[BlackElo "2519"]
[EventDate "2007.09.19"]
[PlyCount "49"]

1.d4 Nf6 2.c4 e6 3.Nf3 Bb4+ 4.Nbd2 d5 5.a3 Be7 6.e3 O-O 7.Bd3 c5 8.dxc5 a5
9.O-O Nbd7 10.b3 Nxc5 11.Bc2 dxc4 12.Nxc4 b5 13.Qxd8 Rxd8 14.Nb6 Rb8 15.
Nxc8 Rbxc8 16.Bd2 b4 17.axb4 Nce4 18.Bxe4 Nxe4 19.Rfd1 Nxd2 20.Rxd2 Bxb4 
21.Rxd8+ Rxd8 22.Kf1 Rd3 23.Nd4 e5 24.Nc6 Rxb3 25.Nxb4 1/2-1/2

[Event "6th Asia-ch"]
[Site "Cebu City PHI"]
[Date "2007.09.22"]
[Round "4.6"]
[White "Al-Modiahki, Mohamad"]
[Black "Tu Hoang Thong"]
[Result "1-0"]
[WhiteElo "2563"]
[BlackElo "2483"]
[EventDate "2007.09.19"]
[PlyCount "119"]

1.e4 e5 2.Nf3 Nc6 3.Bb5 Nf6 4.O-O Nxe4 5.d4 Nd6 6.Bxc6 dxc6 7.dxe5 Nf5 8.
Qxd8+ Kxd8 9.Nc3 Ke8 10.h3 Be7 11.Bg5 Bxg5 12.Nxg5 h6 13.Nf3 b6 14.Rad1 h5
15.Rfe1 h4 16.Ne2 Rh6 17.Ned4 Ne7 18.Ng5 Ba6 19.Re4 c5 20.Ndf3 Nf5 21.Rf4 
Bc8 22.Kh2 Be6 23.Nxe6 fxe6 24.Ng5 Ke7 25.g4 hxg3+ 26.fxg3 Rhh8 27.g4 Nh6 
28.Rdf1 Rad8 29.Rf7+ Nxf7 30.Rxf7+ Ke8 31.Rxc7 Rd2+ 32.Kg3 Rh6 33.Rxg7 
Rxc2 34.Rxa7 Rxb2 35.h4 Rd2 36.h5 Rd7 37.Ra8+ Ke7 38.Rb8 c4 39.Ne4 Rc7 40.
Kh4 c3 41.Nxc3 Rxc3 42.Kg5 Rxh5+ 43.Kxh5 Rc5 44.Rb7+ Ke8 45.g5 Rxe5 46.
Rxb6 Ra5 47.Rb2 Kf7 48.Kh6 Ra3 49.g6+ Ke7 50.Rb7+ Kd6 51.g7 Rxa2 52.g8=Q 
Rh2+ 53.Kg7 Rg2+ 54.Kf8 Rxg8+ 55.Kxg8 e5 56.Kg7 e4 57.Kf6 Kd5 58.Kf5 e3 
59.Kf4 e2 60.Re7 1-0

[Event "6th Asia-ch"]
[Site "Cebu City PHI"]
[Date "2007.09.22"]
[Round "4.7"]
[White "Moradiabadi, Elshan"]
[Black "Filippov, Anton"]
[Result "1/2-1/2"]
[WhiteElo "2540"]
[BlackElo "2481"]
[EventDate "2007.09.19"]
[PlyCount "82"]

1.d4 d5 2.c4 dxc4 3.Nf3 Nf6 4.e3 e6 5.Bxc4 c5 6.O-O a6 7.Bd3 cxd4 8.exd4 
Be7 9.Nc3 Nc6 10.Bg5 O-O 11.Rc1 Nd5 12.Nxd5 Bxg5 13.Nxg5 Qxg5 14.Nb6 Rb8 
15.Qc2 h6 16.Rfd1 e5 17.Nxc8 Rbxc8 18.dxe5 Ne7 19.Qb1 Qxe5 20.Bh7+ Kh8 21.
Be4 Rxc1 22.Rxc1 b6 23.Re1 a5 24.g3 Rd8 25.Qc1 Qf6 26.Re2 Nf5 27.Bxf5 Qxf5
28.Rd2 Rxd2 29.Qxd2 Qb1+ 30.Kg2 Qxa2 31.Qd8+ Kh7 32.Qxb6 Qd5+ 33.Kg1 f6 
34.h4 Kg6 35.Qc7 Qd1+ 36.Kg2 Qd5+ 37.Kg1 Qd2 38.Kg2 h5 39.Qb7 Qb4 40.Qc6 
Qxb2 41.Qe8+ Kh6 1/2-1/2

[Event "6th Asia-ch"]
[Site "Cebu City PHI"]
[Date "2007.09.22"]
[Round "4.8"]
[White "Deepan Chakravarthy, Jeyakumar"]
[Black "Djao Thien Hai"]
[Result "1/2-1/2"]
[WhiteElo "2479"]
[BlackElo "2537"]
[EventDate "2007.09.19"]
[PlyCount "46"]

1.e4 c5 2.Nf3 d6 3.d4 cxd4 4.Nxd4 Nf6 5.Nc3 a6 6.Be3 e5 7.Nb3 Be6 8.f3 Be7
9.Qd2 O-O 10.O-O-O b5 11.g4 Nbd7 12.g5 Nh5 13.Rg1 Rc8 14.Kb1 Nb6 15.Qf2 
Nc4 16.Bxc4 Rxc4 17.Nd5 Bxd5 18.Rxd5 f5 19.gxf6 Nxf6 20.Qg2 Rf7 21.Rd3 Qf8
22.Nd2 Rc6 23.Qh3 Qc8 1/2-1/2

[Event "6th Asia-ch"]
[Site "Cebu City PHI"]
[Date "2007.09.22"]
[Round "4.9"]
[White "Antonio, Rogelio jr"]
[Black "Al-Sayed, Mohamad Naser"]
[Result "1-0"]
[WhiteElo "2532"]
[BlackElo "2469"]
[EventDate "2007.09.19"]
[PlyCount "67"]

1.e4 c6 2.d4 d5 3.Nc3 dxe4 4.Nxe4 Bf5 5.Ng3 Bg6 6.h4 h6 7.Nf3 Nd7 8.h5 Bh7
9.Bd3 Bxd3 10.Qxd3 e6 11.Bf4 Qa5+ 12.Bd2 Bb4 13.c3 Be7 14.c4 Qc7 15.d5 
cxd5 16.cxd5 Qd6 17.O-O-O Ngf6 18.Bc3 Nxd5 19.Bxg7 Rg8 20.Bd4 Nb4 21.Qb3 
Qc6+ 22.Kd2 Rd8 23.Ke1 Qb5 24.a3 Rc8 25.a4 Qa6 26.Ne2 Rxg2 27.Kf1 Rg4 28.
Qe3 Nd5 29.Qb3 Nf4 30.Qb5 Qxb5 31.axb5 Rc2 32.Nxf4 Rxf4 33.Ne1 Bc5 34.Nxc2
1-0

[Event "6th Asia-ch"]
[Site "Cebu City PHI"]
[Date "2007.09.22"]
[Round "4.12"]
[White "Laylo, Darwin"]
[Black "Batchuluun, Cegmed"]
[Result "1-0"]
[WhiteElo "2486"]
[BlackElo "2415"]
[EventDate "2007.09.19"]
[PlyCount "143"]

1.c4 Nf6 2.Nc3 c5 3.e4 Nc6 4.d3 g6 5.g3 Bg7 6.Bg2 O-O 7.Nge2 d6 8.O-O Ne8 
9.Be3 Nc7 10.Qd2 Ne6 11.Bh6 Ned4 12.Bxg7 Kxg7 13.f4 e6 14.Rab1 Rb8 15.Nxd4
cxd4 16.Ne2 e5 17.b4 f6 18.b5 Ne7 19.Rf2 Bg4 20.h3 Bd7 21.g4 Qc7 22.Rbf1 
Ng8 23.Ng3 Qc5 24.Bf3 Rbd8 25.Bd1 Rc8 26.h4 h6 27.Rh2 Be8 28.Qf2 Rf7 29.
Qd2 Rf8 30.Bb3 Rc7 31.Kg2 Rff7 32.f5 g5 33.hxg5 hxg5 34.Rfh1 Kf8 35.Rh8 
Rg7 36.R1h2 Ke7 37.Nh1 Kd8 38.Nf2 Bf7 39.Nd1 Re7 40.Qa5+ b6 41.Qd2 Be8 42.
Nf2 Rc7 43.Nh1 Ke7 44.Ng3 Kf8 45.Ne2 Rcd7 46.Ng1 Rc7 47.Nf3 Rcd7 48.Ne1 
Rdf7 49.Nc2 Bd7 50.Nb4 Bc8 51.Qe1 Bb7 52.Kf3 Ke7 53.Ke2 Ke8 54.Kd1 Rc7 55.
a3 Rcf7 56.Kc2 Kf8 57.Kb2 Ke7 58.Qh1 Kf8 59.R2h6 Qc7 60.Qh5 Qe7 61.c5 dxc5
62.Bxf7 Qxf7 63.Nc6 Qxh5 64.Rxh5 Bc8 65.R5h7 Bd7 66.Nxa7 Kf7 67.a4 Ne7 68.
Rxg7+ Kxg7 69.Rd8 Bxf5 70.exf5 Nxf5 71.a5 e4 72.dxe4 1-0

[Event "6th Asia-ch"]
[Site "Cebu City PHI"]
[Date "2007.09.22"]
[Round "4.13"]
[White "Hossain, Enamul"]
[Black "Bitoon, Richard"]
[Result "1-0"]
[WhiteElo "2485"]
[BlackElo "2399"]
[EventDate "2007.09.19"]
[PlyCount "145"]

1.e4 c5 2.Nf3 d6 3.d4 cxd4 4.Nxd4 Nf6 5.Nc3 a6 6.Bg5 e6 7.f4 Nbd7 8.Qf3 
Be7 9.Bc4 h6 10.Bxf6 Bxf6 11.O-O-O Qb6 12.Nb3 Qb4 13.Be2 Bxc3 14.bxc3 Qa3+
15.Kd2 b5 16.Qd3 Bb7 17.Ke3 Rc8 18.Qd4 O-O 19.Qb4 Qxb4 20.cxb4 Rxc2 21.
Rxd6 Nf6 22.Bf3 Rxa2 23.Nc5 Ra3+ 24.Rd3 Rxd3+ 25.Kxd3 Bc8 26.Ra1 e5 27.
fxe5 Nd7 28.Nxd7 Rd8 29.Ke3 Rxd7 30.Rc1 Rd8 31.Rc6 Kf8 32.Bh5 Be6 33.Rxa6 
Rc8 34.Be2 Bc4 35.Rb6 Bxe2 36.Kxe2 Rc2+ 37.Kf3 Rc3+ 38.Kf4 Rc2 39.g3 Rf2+ 
40.Ke3 Rxh2 41.Rxb5 Rg2 42.Kf3 Rb2 43.Rb7 Rb3+ 44.Kg4 h5+ 45.Kf4 g5+ 46.
Kxg5 Rxg3+ 47.Kxh5 Rg6 48.b5 Ke8 49.Rc7 Re6 50.Rc5 Kd7 51.Kg5 Rg6+ 52.Kf5 
Rg1 53.Rd5+ Ke7 54.Rd6 Rf1+ 55.Kg5 Rf2 56.b6 Rb2 57.Kf4 Rb3 58.Rf6 Rc3 59.
Rd6 Rb3 60.Rh6 Kd7 61.Rd6+ Ke7 62.Rc6 Ra3 63.e6 fxe6 64.Ke5 Ra5+ 65.Kd4 
Rb5 66.e5 Rd5+ 67.Kc4 Kd7 68.Rc7+ Kd8 69.Rc5 Rd1 70.b7 Rc1+ 71.Kb5 Rxc5+ 
72.Kxc5 Kc7 73.b8=Q+ 1-0

[Event "6th Asia-ch"]
[Site "Cebu City PHI"]
[Date "2007.09.22"]
[Round "4.14"]
[White "Xu Jun"]
[Black "Yap Kim, Steven"]
[Result "1-0"]
[WhiteElo "2574"]
[BlackElo "2246"]
[EventDate "2007.09.19"]
[PlyCount "51"]

1.d4 Nf6 2.Nf3 d5 3.c4 g6 4.cxd5 Nxd5 5.e4 Nb6 6.h3 Bg7 7.Nc3 O-O 8.Be3 c6
9.Be2 N8d7 10.a4 a5 11.O-O Qc7 12.Qb3 Nf6 13.Rac1 Bd7 14.d5 c5 15.e5 Ne8 
16.Nb5 Bxb5 17.Bxb5 Nd7 18.Bxd7 Qxd7 19.Rxc5 e6 20.d6 f6 21.Nd4 fxe5 22.
Nxe6 Qf7 23.Rd1 Rd8 24.d7 Nf6 25.Rb5 Nxd7 26.Nxd8 1-0

[Event "6th Asia-ch"]
[Site "Cebu City PHI"]
[Date "2007.09.22"]
[Round "4.16"]
[White "Wen Yang"]
[Black "Sandipan, Chanda"]
[Result "0-1"]
[WhiteElo "2475"]
[BlackElo "2563"]
[EventDate "2007.09.19"]
[PlyCount "64"]

1.e4 c5 2.Ne2 Nf6 3.Nbc3 d6 4.d4 cxd4 5.Nxd4 a6 6.Bc4 e6 7.Bg5 Be7 8.Bb3 
Nc6 9.Nxc6 bxc6 10.f4 d5 11.Qf3 h6 12.Bxf6 Bxf6 13.O-O-O O-O 14.g4 a5 15.
a4 Qc7 16.e5 Be7 17.h4 f6 18.exf6 Bxf6 19.g5 Bxc3 20.Qxc3 h5 21.Kb1 Rxf4 
22.Rhf1 Bd7 23.Qc5 Be8 24.Rxf4 Qxf4 25.Re1 Qxh4 26.Rxe6 Qxg5 27.Ka2 h4 28.
c4 h3 29.cxd5 Bf7 30.Re7 Bxd5 31.Ka3 h2 32.Re1 Qg3 0-1

[Event "6th Asia-ch"]
[Site "Cebu City PHI"]
[Date "2007.09.22"]
[Round "4.17"]
[White "Zhou Weiqi"]
[Black "Torre, Eugenio"]
[Result "1/2-1/2"]
[WhiteElo "2469"]
[BlackElo "2536"]
[EventDate "2007.09.19"]
[PlyCount "79"]

1.d4 Nf6 2.Nf3 e6 3.c4 Bb4+ 4.Bd2 Qe7 5.g3 Nc6 6.Bg2 Bxd2+ 7.Nbxd2 d6 8.
O-O e5 9.d5 Nb8 10.Ne1 a5 11.e4 h5 12.h4 Bg4 13.f3 Bd7 14.b3 Na6 15.a3 Nh7
16.f4 exf4 17.gxf4 Qxh4 18.Nd3 Bh3 19.Qf3 Bxg2 20.Kxg2 Nf6 21.e5 Qg4+ 22.
Kf2 dxe5 23.fxe5 Qxf3+ 24.Kxf3 Ng4 25.Ke4 O-O 26.Kd4 Rad8 27.Nf3 Nb8 28.
Kc3 Rfe8 29.Rae1 Nd7 30.e6 fxe6 31.dxe6 Ndf6 32.Nf4 c5 33.Rg1 Nf2 34.Kc2 
Rd6 35.Re5 b6 36.Reg5 N2g4 37.Re1 Nf2 38.Reg1 N2g4 39.Re1 Nf2 40.Reg1 
1/2-1/2

[Event "6th Asia-ch"]
[Site "Cebu City PHI"]
[Date "2007.09.22"]
[Round "4.18"]
[White "Arun Prasad, Subramanian"]
[Black "Paragua, Mark"]
[Result "0-1"]
[WhiteElo "2448"]
[BlackElo "2525"]
[EventDate "2007.09.19"]
[PlyCount "118"]

1.Nf3 d5 2.d4 Nf6 3.c4 c6 4.e3 e6 5.Bd3 Nbd7 6.Nbd2 Bd6 7.O-O O-O 8.e4 
dxe4 9.Nxe4 Nxe4 10.Bxe4 h6 11.Bc2 e5 12.b3 Re8 13.Re1 Bb4 14.Bd2 Bxd2 15.
Qxd2 exd4 16.Rxe8+ Qxe8 17.Re1 Qf8 18.Qxd4 Nf6 19.Nd2 Be6 20.Ne4 Nxe4 21.
Qxe4 g6 22.Qe3 Qg7 23.h3 Rd8 24.Re2 b6 25.Qg3 Qf6 26.Qc7 c5 27.Kh2 Rd7 28.
Qb8+ Kg7 29.Be4 h5 30.g3 h4 31.Bg2 hxg3+ 32.fxg3 Rd1 33.g4 Bxg4 34.Re8 Qd4
35.Qe5+ Qxe5+ 36.Rxe5 Be6 37.Re2 Rd3 38.Rf2 a5 39.Bf1 Re3 40.Rd2 a4 41.
bxa4 Ra3 42.Rb2 Rxa4 43.Rxb6 Rxa2+ 44.Kg3 Ra3+ 45.Kf4 Bxc4 46.Bxc4 Ra4 47.
Kg3 Rxc4 48.h4 f5 49.Rc6 Rc3+ 50.Kf4 Rh3 51.Rc7+ Kh6 52.Ke5 Rxh4 53.Kf6 
Ra4 54.Rxc5 Ra6+ 55.Ke5 Kg5 56.Rc1 Ra5+ 57.Ke6 f4 58.Rg1+ Kh6 59.Rh1+ Kg7 
0-1

[Event "6th Asia-ch"]
[Site "Cebu City PHI"]
[Date "2007.09.22"]
[Round "4.21"]
[White "Bagheri, Amir"]
[Black "Khader, Sami"]
[Result "1/2-1/2"]
[WhiteElo "2495"]
[BlackElo "2422"]
[EventDate "2007.09.19"]
[PlyCount "153"]

1.d4 f5 2.Bg5 h6 3.Bh4 g5 4.e3 Nf6 5.Bg3 d6 6.Nd2 Nc6 7.Bc4 e6 8.h4 Rg8 9.
hxg5 hxg5 10.Ne2 Qe7 11.c3 Bd7 12.Qc2 O-O-O 13.O-O-O Kb8 14.a3 d5 15.Bb5 
a6 16.Ba4 Qe8 17.Kb1 b5 18.Bb3 Na5 19.Nc1 Bd6 20.Nd3 Bxg3 21.fxg3 Ng4 22.
Rde1 Nc4 23.Bxc4 dxc4 24.Nc5 Bc8 25.b3 cxb3 26.Qxb3 Qc6 27.Nf3 Qd5 28.Qxd5
exd5 29.Kc1 Rde8 30.Kd2 Nf2 31.Rh5 Ne4+ 32.Nxe4 fxe4 33.Ne5 Rgf8 34.Rhh1 
Rf2+ 35.Re2 Ref8 36.Ke1 R2f6 37.g4 Kb7 38.Kd2 Kb6 39.a4 Rf1 40.Rh6+ R8f6 
41.Rxf6+ Rxf6 42.axb5 Rf1 43.c4 dxc4 44.bxa6 Bxa6 45.Kc3 c6 46.Nd7+ Kc7 
47.Nc5 Bc8 48.Nxe4 Bxg4 49.Rf2 Rc1+ 50.Kd2 Rb1 51.Nc3 Rb2+ 52.Ke1 Rb3 53.
Rc2 Ra3 54.Kd2 Ra1 55.Rc1 Rxc1 56.Kxc1 Bf5 57.Kd2 c5 58.e4 Bh7 59.Ke3 Kd6 
60.Nb5+ Kc6 61.Nc3 Kd6 62.Nd5 Bg6 63.g3 Bf7 64.Nc3 Bg6 65.g4 Bf7 66.Nb5+ 
Kc6 67.Na3 c3 68.d5+ Bxd5 69.exd5+ Kxd5 70.Nc2 Ke5 71.Ne1 Kd5 72.Nd3 c2 
73.Nc1 c4 74.Ne2 Ke5 75.Kf3 Kd5 76.Ke3 Ke5 77.Kd2 1/2-1/2

[Event "6th Asia-ch"]
[Site "Cebu City PHI"]
[Date "2007.09.22"]
[Round "4.22"]
[White "Ardeshi, Mehrdad"]
[Black "Neelotpal, Das"]
[Result "0-1"]
[WhiteElo "2407"]
[BlackElo "2485"]
[EventDate "2007.09.19"]
[PlyCount "122"]

1.e4 c5 2.Nf3 e6 3.d4 cxd4 4.Nxd4 Nf6 5.Nc3 d6 6.Be2 a6 7.a4 Nc6 8.Be3 Be7
9.O-O Qc7 10.f4 O-O 11.Nb3 b6 12.Bf3 Bb7 13.g4 Nd7 14.g5 Rfe8 15.Bg2 Bf8 
16.Qg4 Nb4 17.Rf2 Nc5 18.Nxc5 bxc5 19.f5 exf5 20.Qxf5 g6 21.Qf4 Bg7 22.Rd1
Be5 23.Qh4 Re7 24.Kh1 Rae8 25.Bf4 Bxf4 26.Qxf4 Re5 27.Rdf1 R8e7 28.Qd2 Qd7
29.Rf6 d5 30.exd5 Nxd5 31.Nxd5 Rxd5 32.Qf4 Rd2 33.Qb8+ Kg7 34.Qxb7 Qxb7 
35.Bxb7 Rxb7 36.b3 Rxc2 37.Rxa6 Rb2 38.Rc6 R2xb3 39.Rxc5 Ra3 40.Rc4 Ra2 
41.Rcf4 Ra7 42.h3 Kg8 43.R1f2 R2xa4 44.Kh2 R4a5 45.h4 h6 46.Rg2 Kg7 47.Kh3
Rd5 48.Rg3 Rd1 49.Rgf3 hxg5 50.hxg5 Kg8 51.Kh4 Rh1+ 52.Rh3 Re1 53.Rg3 Ra2 
54.Rgf3 Rg1 55.Rf2 Raa1 56.Rg4 Rh1+ 57.Kg3 Rh8 58.Rf3 Ra8 59.Rgf4 Rf8 60.
Kf2 Rh5 61.Ke3 Rxg5 0-1

[Event "6th Asia-ch"]
[Site "Cebu City PHI"]
[Date "2007.09.22"]
[Round "4.24"]
[White "Ganguly, Surya Shekhar"]
[Black "Samhouri, Ahmad"]
[Result "1-0"]
[WhiteElo "2586"]
[BlackElo "2362"]
[EventDate "2007.09.19"]
[PlyCount "37"]

1.e4 e5 2.Nf3 Nf6 3.d4 Nxe4 4.Bd3 Nc6 5.dxe5 d5 6.Nc3 Bb4 7.O-O Bxc3 8.
bxc3 Nxc3 9.Qe1 d4 10.Bd2 Nb4 11.Be4 Nbxa2 12.Rxa2 Nxa2 13.Bg5 Qd7 14.e6 
fxe6 15.Ne5 Qb5 16.f4 g6 17.Qh4 O-O 18.Bxg6 hxg6 19.Nxg6 1-0

[Event "6th Asia-ch"]
[Site "Cebu City PHI"]
[Date "2007.09.22"]
[Round "4.25"]
[White "Li Shilong"]
[Black "Lalith Babu, Musunuri Rohit"]
[Result "1-0"]
[WhiteElo "2550"]
[BlackElo "2353"]
[EventDate "2007.09.19"]
[PlyCount "120"]

1.c4 b6 2.Nc3 Bb7 3.d4 e6 4.a3 Nf6 5.Nf3 d5 6.Bg5 Be7 7.Qa4+ c6 8.cxd5 
exd5 9.e3 Nbd7 10.Bd3 O-O 11.O-O Re8 12.Rfd1 Nf8 13.Ne5 Bd6 14.f4 Ne6 15.
Bh4 c5 16.Bb5 Re7 17.Bxf6 gxf6 18.Nc6 Bxc6 19.Bxc6 cxd4 20.Nxd5 Rc8 21.
exd4 Nxd4 22.Rxd4 Bc5 23.Kf1 Bxd4 24.Qxd4 Re6 25.Ba4 Rd6 26.Rd1 Kh8 27.b4 
Qg8 28.Bb3 Rcd8 29.Re1 Qg6 30.h3 Qf5 31.Rd1 h5 32.Qd3 Qe6 33.Qf3 Qf5 34.
Kg1 h4 35.Kh2 Qg6 36.Rd2 Rg8 37.Rd3 Rgd8 38.Kh1 a5 39.f5 Qh6 40.Rd4 Rg8 
41.Qe2 Rc6 42.Ne7 Rc1+ 43.Kh2 Rg3 44.Ng6+ Kg7 45.Nf4 Qg5 46.Bd1 Kh6 47.Qe8
Qg7 48.Qe2 Qg5 49.Qe8 Qg7 50.bxa5 bxa5 51.Qe2 Qg5 52.Qe8 Qg7 53.Ng6 fxg6 
54.Rxh4+ Kg5 55.Rg4+ Rxg4 56.Qe3+ Rf4 57.Qxc1 Qa7 58.fxg6 Qd4 59.g7 Qd5 
60.h4+ Kf5 1-0